La Metamorfosis y otros relatos
Furkejuvvon:
| Váldodahkki: | |
|---|---|
| Materiálatiipa: | Girji |
| Giella: | espánnjágiella |
| Almmustuhtton: |
Santiago
Revista VEA
1987
|
| Preanttus: | 1a. ed |
| Ráidu: | Biblioteca de oro del estudiante, 3
|
| Fáttát: | |
| Fáddágilkorat: |
Lasit fáddágilkoriid
Eai fáddágilkorat, Lasit vuosttaš fáddágilkora!
|
MARC
| LEADER | 00000nam a2200000 a 4500 | ||
|---|---|---|---|
| 001 | UCH5504 | ||
| 003 | CL-VaPUC | ||
| 008 | 091014e19870000CL |||||||||||||||||spa|d | ||
| 082 | 0 | 4 | |a 891.86 |b KAF |2 21 |
| 100 | |a Kafka, Franz |e author |9 266293 | ||
| 245 | 1 | 3 | |a La Metamorfosis y otros relatos |
| 250 | |a 1a. ed | ||
| 300 | |a 191 p | ||
| 942 | |c BK | ||
| 945 | |d 20091014 00:00:00 |a ccalabra | ||
| 260 | |a Santiago |b Revista VEA |c 1987 | ||
| 500 | |a Resúmenes, análisis y biografía: Ernesto Livacic G. y Betty Rojas | ||
| 650 | 0 | |a Literatura |9 259151 | |
| 650 | 7 | |a LITERATURA CHECOESLOVACA |2 CL-VaPUC |9 348950 | |
| 650 | 7 | |a CUENTOS CHECOESLOVACOS |2 CL-VaPUC |9 321681 | |
| 650 | 7 | |a NOVELAS CHECOESLOVACAS |2 CL-VaPUC |9 322610 | |
| 650 | 0 | |a Escritores |9 313723 | |
| 650 | 0 | |a Ficción |9 376687 | |
| 650 | 0 | |a Lectura |9 307634 | |
| 651 | 7 | |a CHECOESLOVAQUIA |2 CL-VaPUC |9 406872 | |
| 583 | |a last modification |c 20091014 00:00:00 |k Rodrigo Vera | ||
| 490 | 0 | |a Biblioteca de oro del estudiante, 3 | |
| 999 | |c 336635 |d 336633 | ||